000 04931nam a2200481Ia 4500
001 dia_4798
003 CHAP
005 20240913173211.0
007 ta
008 220117s2012 mx ad frm 001 0 spa d
010 _a175561
040 _cCHAP
_amxchpua
_erda
041 0 _aspa
_beng
090 _aTesis
_bH479
_c2012
100 1 _aHerrera Clemente, Yasser
240 1 0 _aSowing date and humidity stress in malting barley (Hordeum vulgare L.): effect on the quality of malt.
_lEspañol
245 1 0 _aFecha de siembra y estrés de humedad en cebada maltera (Hordeum vulgare L.) :
_befecto en la calidad de malta /
_cYasser Herrera Clemente
264 _aChapingo, México :
_bEl autor,
_c2012
300 _a80 hojas :
_bilustraciones, gráficas, tablas +
_e1 CD-ROM
336 _2rdacontent
_atexto
_btxt
337 _2rdamedia
_ano mediado
_bn
338 _2rdacarrier
_avolumen
_bnc
500 _aEl CD contiene reporte
502 _aTesis
_b(Ingeniero Agroindustrial) --
_cUACh. Departamento de Ingeniería Agroindustrial,
_d2012
504 _aBibliografía: hojas 73-80
520 3 _aSe evaluaron cuatro fechas de siembra para el cultivo de cebada maltera en el Bajío mexicano, con el objetivo de determinar el efecto en la calidad maltera ante ambientes diferentes propiciados por un cambio de fecha de siembra. El análisis se enfocó en los parámetros de calidad maltera contenido de proteína, almidón, índice de llenado, extracto, poder diastásico e índice de Kolbach. Se estudiaron 16 genotipos diferentes de cebada, tres de ellos variedades comerciales (Esperanza, Alina, Armida) y trece líneas avanzadas. Las fechas establecidas para el experimento fueron 15 de noviembre, 30 de noviembre, 15 de diciembre y 30 de diciembre, además de un experimento alterno en el cual se evaluó la respuesta a un cambio en el calendario de riego el 15 de diciembre, dejando la última etapa de desarrollo de la planta en estrés hídrico, por el adelanto de 10 días en el ultimo riego. Los resultados señalaron a la fecha del 15 de diciembre con la mejor calidad maltera, aun cuando se tuvo un promedio relativamente alto en contenido de proteína (13.99%), lo cual estuvo asociado a una helada en periodo de antesis de la planta y a incrementos de temperatura cercanos a 30°C durante el llenado del grano. Por otro lado, la calidad del grano disminuyó a medida que se alejaba la fecha de siembra del 15 de diciembre y se observó que fechas anticipadas están estresadas por bajas temperaturas mientras que fechas posteriores están sujetas a incremento gradual de temperatura. El cambio de calendario de riego afectó el llenado de grano, equiparable a la fecha del 15 de noviembre. Sin embargo el estrés, en este caso, fue ocasionado por la falta de agua durante el periodo exponencial del llenado de grano. --
520 3 _aFour planting dates for malting barley were evaluated in the mexican region "El Bajío", in order to determine their effects on malting quality due to different environments provided by a change in planting date. The analysis focused on malting quality parameters such as protein, starch, degree of filling, extract, diastatic power and Kolbach index. It was studied 16 genotypes of barley, three commercial varieties (Esperanza, Alina, Armida) and thirteen advanced lines. The dates set for the experiment were November 15, November 30, December 15 and December 30 of 2010, plus an alternate experiment in which was evaluated the response to a change in watering schedule on December 15, leaving the last stage of plant development under water stress, by the advance of 10 days for the last irrigation. December 15 had the best malting quality, even with relatively high protein content (13.99%), which was associated with a frost period during anthesis of plant and high temperatures during grain filling. On the other hand, grain quality and dates early decreased before and after December 15 are stressed by low temperatures while later dates are subject to gradual increase in temperature. Change of irrigation schedule affected the grain filling, comparable to the date November 15.However stress in this case was caused by lack of water during the exponential grain filling.
650 1 2 _aCebada cervecera
_xControl de calidad
_2atg
650 1 3 _aEstrés abiotico
_2atg
650 1 3 _aFecha de siembra
_2atg
650 1 3 _aAbiotic stress
_2atg
650 1 3 _aMalting barley
_xQuality control
_2atg
650 1 3 _aSowing date
_2atg
700 1 _aZamora Díaz, Mauro Refugio
_edirector
700 1 _aBuendía González, María Ofelia
_easesora
700 1 _aHuerta Zurita, Ramón
_easesor
856 4 1 _uhttp://10.13.5.2/tesis/115396.pdf
_yDESCARGAR PDF
901 _aTESIS H478 2012
902 _aM
905 _a5232272012 mx mnl 8223223322spa16
942 _cTESIS
_2Clasificación Universidad Autónoma Chapingo
999 _c175561
_d175561